| 000 | 00636nam a2200205Ii 4500 | ||
|---|---|---|---|
| 003 | JO-AjNU | ||
| 008 | 230606s9999||||xx |||||||||||||| ||und|| | ||
| 040 |
_aJO-AjNU _beng _erda _cJO-AjNU |
||
| 041 | _aeng | ||
| 050 | 1 | 4 | _aPR651.E5 1964 |
| 100 | 3 |
_aFermor, Una Ellus, _eauthor _95466 |
|
| 245 | 0 | 0 | _a The Jacobean drama; an interpretation |
| 250 | _a1 ed | ||
| 264 | 3 | 1 | _aNew york : Vintage books ,1964 |
| 300 | _a348p | ||
| 336 |
_atext _btxt _2rdacontent |
||
| 337 |
_aunmediated _bn _2rdamedia |
||
| 338 |
_avolume _bnc _2rdacarrier |
||
| 650 | 4 |
_a English drama -- Early modern and Elizabethan -- History & criticism. _95467 |
|
| 999 |
_aE2825 _c2823 _d2823 |
||